ბათუმის შოთა რუსთაველის სახელმწიფო უნივერსიტეტის ბიბლიოთეკა

Агротехнические методы защиты растении (ბიბ.ჩანაწერი № 45857)

000 -LEADER
fixed length control field 00611nam a2200205Ia 4500
001 - CONTROL NUMBER
control field 12686
003 - CONTROL NUMBER IDENTIFIER
control field GE_BSU
008 - FIXED-LENGTH DATA ELEMENTS--GENERAL INFORMATION
fixed length control field 181216s||||||||xx |||||||||||||| ||und||
040 ## - CATALOGING SOURCE
Transcribing agency GE_BSU
080 ## - UNIVERSAL DECIMAL CLASSIFICATION NUMBER
Universal Decimal Classification number 631.931(072)
100 ## - MAIN ENTRY--PERSONAL NAME
Personal name Павлов,И.Ф.
245 ## - TITLE STATEMENT
Title Агротехнические методы защиты растении
245 ## - TITLE STATEMENT
Statement of responsibility, etc. Ред.Л.А.Бородкина
260 ## - PUBLICATION, DISTRIBUTION, ETC.
Place of publication, distribution, etc. Москва
260 ## - PUBLICATION, DISTRIBUTION, ETC.
Name of publisher, distributor, etc. Россельхозиздат
260 ## - PUBLICATION, DISTRIBUTION, ETC.
Date of publication, distribution, etc. 1967
300 ## - PHYSICAL DESCRIPTION
Extent 177стр.22см.
653 ## - INDEX TERM--UNCONTROLLED
Uncontrolled term Агротехнические методы защиты растении
942 ## - ADDED ENTRY ELEMENTS (KOHA)
Koha item type წიგნი
ეგზემპლარები
Withdrawn status Lost status Damaged status Not for loan Date acquired Barcode Date last seen Price effective from Koha item type
        2018-12-17 20942 2018-12-17 2018-12-17 წიგნი